|
|
|
|
| LEADER |
00000cam a22000004a 4500 |
| 001 |
musev2_10293 |
| 003 |
MdBmJHUP |
| 005 |
20230905041154.0 |
| 006 |
m o d |
| 007 |
cr||||||||nn|n |
| 008 |
070417s2008 dcu o 00 0 eng d |
| 010 |
|
|
|z 2007016360
|
| 020 |
|
|
|a 9781589014527
|
| 020 |
|
|
|z 9781589011908
|
| 020 |
|
|
|z 9781589011915
|
| 035 |
|
|
|a (OCoLC)614491328
|
| 040 |
|
|
|a MdBmJHUP
|c MdBmJHUP
|
| 050 |
0 |
4 |
|a BR516
|b .R78 2008
|
| 082 |
0 |
|
|a 261.8/709730904
|2 22
|
| 100 |
1 |
|
|a Ruotsila, Markku.
|
| 245 |
1 |
4 |
|a The Origins of Christian Anti-Internationalism :
|b Conservative Evangelicals and the League of Nations /
|c Markku Ruotsila.
|
| 264 |
|
1 |
|a Washington, D.C. :
|b Georgetown University Press,
|c 2008.
|
| 264 |
|
3 |
|a Baltimore, Md. :
|b Project MUSE,
|c 2012
|
| 264 |
|
4 |
|c ©2008.
|
| 300 |
|
|
|a 1 online resource (256 pages).
|
| 336 |
|
|
|a text
|b txt
|2 rdacontent
|
| 337 |
|
|
|a computer
|b c
|2 rdamedia
|
| 338 |
|
|
|a online resource
|b cr
|2 rdacarrier
|
| 490 |
0 |
|
|a Religion and politics series
|
| 504 |
|
|
|a Includes bibliographical references (p. 215-233) and index.
|
| 505 |
0 |
|
|a The social gospel and modern internationalism -- Dispensationalists : prefiguring the Latter days -- Calvinists : contesting the public means of grace -- Lutherans : the two kingdoms and the Antichrist -- Methodists and Episcopalians : a few dissenting voices -- Religion and the League fight in the Senate -- Religion and the League for the preservation of American independence -- The persistence of Christian anti-internationalism.
|
| 588 |
|
|
|a Description based on print version record.
|
| 650 |
|
0 |
|a Christianity and politics
|z United States.
|
| 610 |
2 |
0 |
|a League of Nations.
|
| 651 |
|
0 |
|a United States
|x Church history.
|
| 655 |
|
7 |
|a Electronic books.
|2 local
|
| 710 |
2 |
|
|a Project Muse.
|e distributor
|
| 830 |
|
0 |
|a Religion and politics series (Georgetown University)
|
| 830 |
|
0 |
|a Book collections on Project MUSE.
|
| 856 |
4 |
0 |
|z Texto completo
|u https://projectmuse.uam.elogim.com/book/10293/
|
| 945 |
|
|
|a Project MUSE - Custom Collection
|
| 945 |
|
|
|a Project MUSE - Archive Complete Foundation
|
| 945 |
|
|
|a Project MUSE - Archive Philosophy and Religion Foundation
|